000
00237nam a2200097Ia 4500
008
190216s9999||||xx |||||||||||||| ||und||
100
_a
Tillyard E M W
245
0
_a
Shakespears Problem Plays
260
_b
Penguin Books
942
_c
BK
999
_c
11570
_d
11570